সায়েন্স ফিকশন: (Record no. 11888)
[ view plain ]
| 000 -LEADER | |
|---|---|
| fixed length control field | 00698nam a2200217 a 4500 |
| 001 - CONTROL NUMBER | |
| JCCL Control Number | 11888 |
| 003 - CONTROL NUMBER IDENTIFIER | |
| JCCL marc code | BD-JhCC |
| 005 - DATE AND TIME OF LATEST TRANSACTION | |
| control field | 20201124083712.0 |
| 008 - FIXED-LENGTH DATA ELEMENTS--GENERAL INFORMATION | |
| fixed length control field | 201124b2015 bg |||| ||a| 000 0 ben d |
| 035 ## - SYSTEM CONTROL NUMBER | |
| system control number | (BD-JhCC)11888 |
| 040 ## - CATALOGING SOURCE | |
| Original cataloging agency | BD-JhCC |
| Modifying agency | BD-JhCC |
| 041 ## - LANGUAGE CODE | |
| Language code of Book | ben |
| 082 ## - DEWEY DECIMAL CLASSIFICATION NUMBER | |
| Classification number | 809.38762 |
| Author mark and Year | DAS 2015 |
| 100 ## - MAIN ENTRY--PERSONAL NAME | |
| Personal name | দাস, রাজীব মণি |
| 245 ## - TITLE STATEMENT | |
| Title | সায়েন্স ফিকশন: |
| Remainder of title | মি. ব্রেইন / |
| Statement of responsibility, etc | রাজীব মণি দাস। |
| 260 ## - PUBLICATION, DISTRIBUTION, ETC. (IMPRINT) | |
| Place of publication, distribution, etc | ঢাকা: |
| Name of publisher, distributor, etc | দি ইউনিভার্সেল একাডেমি; |
| Date of publication, distribution, etc | ২০১৫. |
| 300 ## - PHYSICAL DESCRIPTION | |
| Pagination | 94 p. : |
| Dimensions | 22 cm. |
| 650 ## - SUBJECT ADDED ENTRY--TOPICAL TERM | |
| Topical term or geographic name as entry element | Science fiction |
| 942 ## - ADDED ENTRY ELEMENTS (KOHA) | |
| Source of classification or shelving scheme | Dewey Decimal Classification |
| Koha item type | Books |
| Source of classification or shelving scheme | Damaged status | Not for loan | Home library | Current library | Shelving location | Date of accession | Source of acquisition | Cost, normal purchase price | Total Checkouts | Full call number | Barcode | Date last seen | Date checked out | Copy number | Koha item type |
|---|---|---|---|---|---|---|---|---|---|---|---|---|---|---|---|
| Dewey Decimal Classification | JCC Rouf Library | JCC Rouf Library | General Stacks | 11/24/2020 | Lt. Gen. Mahfuzur Rahman (10th intake) | 113.00 | 2 | 809.38762 DAS 2015 | 16252 | 06/30/2025 | 06/23/2025 | C-1 | Books |